Reconstruir la política. Transición y Consolidación democrática en Chile

Guardat en:
Dades bibliogràfiques
Autor principal: Garreton Merino, Manuel Antonio
Format: Text
Publicat: Santiago: Andante
Etiquetes: Afegir etiqueta
Sense etiquetes, Sigues el primer a etiquetar aquest registre!

MARC

LEADER 00000 a a2200000 04500
001 24459
003
040
090 |a 166900  
100 |a Garreton Merino, Manuel Antonio  
245 |a Reconstruir la política. Transición y Consolidación democrática en Chile  
260 |a Santiago:   |b Andante  
300 |a 293 p.  
999 |c 3189  |d 3189